00520nam a2200181 a 450000100100000000500170001000800410002702000150006804000250008308200260010810000330013424500560016725000110022326000370023430000210027165000220029265000240031400002295520200930021907.0101123s1983 mx 000 p spa d z9684290324 aDO-SdBNPbspacBNPHU aU861.44bB462in, 19831 aBenedetti, Mario,d1920-200910aInventario :bpoesía completa /cMario Benedetti. a8a ed. aMéxico :bNueva imagen,c1983. a522 p. ;c21 cm. 4aPoesía uruguaya 4aLiteratura uruguaya